000 00547nam a2200145Ia 4500
008 200226s9999 xx 000 0 und d
020 _a978-1-4739-9410-2
100 _aNikunen, Kaarina
245 _cKaarina Nikunen.--
_aMedia solidarities :
_bemotions, power, and justice in the digital age /
260 _aLondon :
_bSAGE Publications Ltd
_c2019
300 _aviii , 199 pages :
_billustration ;
_c23 cm.
500 _aIncludes bibliographical references and index.
650 _aMass media -- social aspects.
650 _aMass media and culture.
999 _c362975
_d362975